Library of the University of Algiers 3
Ibrahim Sultan Cheibout
شعار جامعة الجزائر 3
مكتبة جامعة الجزائر 3
إبراهيم سلطان شيبوط

بحوث العمليات وتطبيقاتها الاقتصادية : (رقم التسجيلة. 46284)

تفاصيل مارك
000 -LEADER
fixed length control field 01520nam a2200253Ia 4500
003 - CONTROL NUMBER IDENTIFIER
control field Ost
005 - DATE AND TIME OF LATEST TRANSACTION
control field 20260507075802.0
008 - FIXED-LENGTH DATA ELEMENTS--GENERAL INFORMATION
fixed length control field 260507s9999||||xx |||||||||||||| ||und||
020 ## - INTERNATIONAL STANDARD BOOK NUMBER
International Standard Book Number 9789961018347
040 ## - CATALOGING SOURCE
Transcribing agency fsecg
041 ## - LANGUAGE CODE
Language code of text/sound track or separate title ara
082 ## - DEWEY DECIMAL CLASSIFICATION NUMBER
Classification number 658.57
100 ## - MAIN ENTRY--PERSONAL NAME
Personal name مكيد، علي
Relator term مؤلف
245 #0 - TITLE STATEMENT
Title بحوث العمليات وتطبيقاتها الاقتصادية :
Remainder of title البرمجة الرياضية الجزء الأول /
Statement of responsibility, etc. علي مكيد
250 ## - EDITION STATEMENT
Edition statement طبعة 2
260 ## - PUBLICATION, DISTRIBUTION, ETC.
Place of publication, distribution, etc. الجزائر :
Name of publisher, distributor, etc. ديوان المطبوعات الجامعية,
Date of publication, distribution, etc. 2011
300 ## - PHYSICAL DESCRIPTION
Extent 344 صفحة؛
Other physical details إيضاحات ؛
Dimensions 22 سم
504 ## - BIBLIOGRAPHY, ETC. NOTE
Bibliography, etc. note المراجع ص.343
520 ## - SUMMARY, ETC.
Summary, etc. يضم البرمجة الخطية ، حل النماذج الخطية باستعمال الطريقة البيانية، حل النماذج باستعمال الطريقة السمبلكس، الحالات الخاصة لطريقة السمبلكس، المسألة الثنائية في البرمجة الخطية، البرمجة الباراميترية، حساسية دالة الهدف للتغير في معاملاتها، دراسة تأثير تغير الطرف الأيمن للقيود الفنية، البرمجة الديناميكية وتذكير بأهم القواعد النظرية، تطبيقات نموذج البرمجة الديناميكية.
653 ## - INDEX TERM--UNCONTROLLED
Uncontrolled term البرمجة الخطية
653 ## - INDEX TERM--UNCONTROLLED
Uncontrolled term البرمجة الرياضية
653 ## - INDEX TERM--UNCONTROLLED
Uncontrolled term بحوث العمليات
942 ## - ADDED ENTRY ELEMENTS (KOHA)
Koha item type كتب
المقتنيات
Withdrawn status Lost status Source of classification or shelving scheme Damaged status Not for loan Home library Current library Date acquired Serial enumeration / chronology Inventory number Total checkouts Full call number Barcode Date last seen Price effective from Koha item type
    Library of Congress Classification   NOT LOAN / إعارة داخلية مكتبة كلية العلوم الإقتصادية والعلوم التجارية وعلوم التسيير مكتبة كلية العلوم الإقتصادية والعلوم التجارية وعلوم التسيير 07/05/2026 الطابق الأرضي 025.21/537   أ/4677ج1ن01 025.21/537 07/05/2026 07/05/2026 كتب

موارد الويب المفتوحة


© University of Algiers 3 All Rights Reserved
|
Implemented by LECHELAH Riad